000
00262nam a2200109Ia 4500
008
240625s9999 xx 000 0 und d
041
_a
eng
082
_a
519.5 AND
100
_a
ANDERSON DAVID R
245
_a
STATISTICS FOR BUSINESS AND ECONOMICS
260
_c
2014
999
_c
38367
_d
38367